00681cam a22002054a 4500008004100000020002500041100002100066245010500087260004700192300004800239500002000287504004100307650002700348650001700375650003600392700002000428003000100448005001700449040000900466  a9781437717563 (hbk.)1 aBerend, Keith R.10aPartial knee arthroplasty :btechniques for optimal outcomes /cKeith R. Berend and Fred D. Cushner. aPhiladelphia :bElsevier/Saunders,cc2012. axv, 269 p. :bill. (chiefly col.) ;c29 cm. aIncludes index. aIncludes bibliographical references. 0aTotal knee replacement 0aArthroplasty12aArthroplasty, Replacement, Knee1 aCushner, Fred D20230120204227.0 cNUST